000 00250nam a2200121Ia 4500
100 _aSacheti/D.C
942 _cBK
654 _astats
245 _aStatistics
260 _bSultan Chand & Sons
_aNew Delhii
_c1972
300 _a359
546 _aENGLISH
999 _c19945
_d19945